[Event "?"]
[Site "ICS game, 164.58.253.13 (-)"]
[Date "1997.??.??"]
[Round "?"]
[White "Brause"]
[Black "ThingTwo"]
[Result "1-0"]
[WhiteElo "2295"]
[BlackElo "2235"]
[PlyCount "149"]

1. e4 e5 2. Nf3 Nc6 3. Nc3 Nf6 4. Nxe5 Nxe5 5. d4 Nc6 6. e5 Ng8 7. Bb5 Qh4 8.
Be3 Bb4 9. O-O Nge7 10. Qd3 a6 11. Bc4 d6 12. Nd5 Nxd5 13. Bxd5 Ne7 14. Qc4
Nxd5 15. Qxd5 Qe7 16. c3 c6 17. Qf3 Ba5 18. Qg3 O-O 19. Bh6 f6 20. exd6 Qf7 21.
Rfe1 Bd8 22. Bf4 Bf5 23. Re3 g5 24. Ree1 Bg6 25. Bd2 Qd5 26. b3 c5 27. c4 Qxd4
28. Be3 Qb2 29. Bxc5 Ba5 30. Red1 Rac8 31. Bd4 Qc2 32. d7 Rc6 33. Qf3 Be4 34.
Qe3 Rd8 35. Rac1 Bd2 36. Qxd2 Qxd2 37. Rxd2 Rxd7 38. f3 Rcd6 39. Rcd1 Bc6 40.
Rd3 b6 41. Kf1 Kf7 42. Ke2 Re7+ 43. Be3 Rde6 44. R1d2 h5 45. Kf2 Bb7 46. c5 b5
47. b4 g4 48. fxg4 hxg4 49. Bf4 Re4 50. Bd6 Re8 51. a3 f5 52. Bc7 R8e7 53. Bd8
Rf4+ 54. Kg3 Rfe4 55. Bxe7 Rxe7 56. Rd7 Be4 57. Rxe7+ Kxe7 58. Rd6 Bb7 59. h4
gxh3 60. gxh3 Bc8 61. Kf4 Bb7 62. h4 Be4 63. Rxa6 Ke8 64. Re6+ Kd7 65. Rxe4
fxe4 66. Kxe4 Ke8 67. c6 Kd8 68. Kd5 Ke8 69. Kd6 Kf8 70. c7 Kf7 71. c8=Q Kg7
72. Ke6 Kg6 73. Qg8+ Kh6 74. Kf7 Kh5 75. Qg5# 1-0

[Event "?"]
[Site "ICS game, 164.58.253.13 (-)"]
[Date "1997.??.??"]
[Round "?"]
[White "Brause"]
[Black "Kadosch"]
[Result "1-0"]
[WhiteElo "2275"]
[BlackElo "2775"]
[PlyCount "27"]

1. e4 e5 2. Nf3 Nc6 3. Nc3 Nf6 4. Nxe5 Nxe5 5. d4 Nc6 6. d5 Ne5 7. f4 Ng6 8. e5
Ng8 9. d6 f6 10. Nb5 cxd6 11. exd6 f5 12. Nc7+ Kf7 13. Bc4+ Kf6 14. Qd4+ 1-0

[Event "?"]
[Site "ICS game, 164.58.253.13 (-)"]
[Date "1997.??.??"]
[Round "?"]
[White "Brause"]
[Black "oldtimer"]
[Result "1-0"]
[WhiteElo "2275"]
[BlackElo "2155"]
[PlyCount "107"]

1. e4 e5 2. Nf3 Nc6 3. Nc3 Nf6 4. Nxe5 Nxe5 5. d4 Ng6 6. e5 Ng8 7. Bc4 d5 8.
Bxd5 c6 9. Be4 f5 10. Bf3 Bb4 11. O-O N8e7 12. Na4 O-O 13. c3 Ba5 14. b4 Bb6
15. Qb3+ Kh8 16. Nxb6 axb6 17. Re1 b5 18. Bg5 h6 19. Bd2 Nh4 20. Bh5 Qd5 21.
Qxd5 cxd5 22. g3 Nhg6 23. Be2 Bd7 24. Bd3 Rfe8 25. e6 Bc6 26. a4 b6 27. axb5
Bb7 28. Rxa8 Rxa8 29. h4 Ra2 30. Bc1 Ra1 31. Kg2 h5 32. Be2 Nf8 33. Bxh5 g6 34.
Bf3 Bc8 35. c4 Bxe6 36. c5 Nc8 37. Kf1 Kg8 38. Bh6 Rxe1+ 39. Kxe1 Nd7 40. Bf4
Na7 41. Be2 Nc8 42. Bd3 Kf7 43. c6 Nf6 44. f3 Ne8 45. Kd2 Nf6 46. Ke3 Nh5 47.
Be5 Ne7 48. Bc2 f4+ 49. Bxf4 Nf5+ 50. Bxf5 gxf5 51. Bc7 Ke7 52. Bxb6 Nxg3 53.
Bc5+ Kd8 54. b6 1-0

[Event "?"]
[Site "ICS game, 164.58.253.13 (-)"]
[Date "1997.??.??"]
[Round "?"]
[White "Brause"]
[Black "KnightCap"]
[Result "1-0"]
[WhiteElo "2270"]
[BlackElo "2200"]
[PlyCount "103"]

1. e4 e5 2. Nf3 Nc6 3. Nc3 Nf6 4. Nxe5 Nxe5 5. d4 Nc6 6. d5 Ne5 7. f4 Ng6 8. e5
Ng8 9. d6 cxd6 10. exd6 Qf6 11. Nb5 Rb8 12. Be3 b6 13. Qe2 Kd8 14. O-O-O Qe6
15. Nc7 Qf5 16. Bxb6 Qxf4+ 17. Kb1 Qe5 18. Qxe5 Nxe5 19. Bxa7 Rb4 20. Re1 Bb7
21. Rxe5 Bxd6 22. Nd5 Rxb2+ 23. Kxb2 Bxe5+ 24. Nc3 Nf6 25. Kb3 Ke7 26. Nb5 Rc8
27. Bd4 Bxd4 28. Nxd4 Ne4 29. Kb2 Nf2 30. Rg1 Nd1+ 31. Kc1 Ne3 32. Bb5 Kf6 33.
g4 Ke5 34. Bxd7 Kxd4 35. Bxc8 Bxc8 36. Kd2 Nc4+ 37. Kc1 Kc5 38. h3 f6 39. Re1
Ne5 40. a4 Bd7 41. Re4 Bc6 42. Rf4 Nc4 43. Rf5+ Kb4 44. a5 Bb5 45. g5 fxg5 46.
Rf7 g6 47. Rxh7 Kxa5 48. Re7 Kb4 49. Re6 Bd7 50. Rxg6 Bxh3 51. Rxg5 Nd6 52. Rg6
1-0

[Event "?"]
[Site "ICS game, 164.58.253.13 (-)"]
[Date "1997.??.??"]
[Round "?"]
[White "Brause"]
[Black "trainer"]
[Result "0-1"]
[WhiteElo "2210"]
[BlackElo "2140"]
[PlyCount "164"]

1. e4 e5 2. Nf3 Nc6 3. Nc3 Nf6 4. Nxe5 Nxe4 5. Nxc6 Nxc3 6. dxc3 bxc6 7. Bd3
Be7 8. Qh5 g6 9. Qa5 O-O 10. O-O c5 11. Re1 Re8 12. Bf4 d6 13. Be4 Rb8 14. b3
Bf6 15. Qxa7 Bxc3 16. Qxb8 Bxa1 17. Rxa1 Rxe4 18. Bd2 Re2 19. Ba5 Rxc2 20. a3
Re2 21. Bxc7 Qd7 22. Qb6 Qe6 23. Rf1 Rd2 24. Qb8 h6 25. a4 Kh7 26. Qb5 Qd5 27.
Bd8 Bb7 28. f3 Qd4+ 29. Kh1 Bxf3 30. Rxf3 Rd1+ 31. Rf1 c4 32. Qxc4 Qxc4 33.
Rxd1 Qxb3 34. Ra1 Qb2 35. Rg1 d5 36. a5 d4 37. a6 Qa2 38. Bb6 Qxa6 39. Bxd4 Qd3
40. Be5 f5 41. Re1 g5 42. Kg1 f4 43. Kf2 Kg6 44. Re2 Kf5 45. Ba1 g4 46. Bh8 Qb3
47. Re5+ Kg6 48. Re2 Qb6+ 49. Kf1 Qb5 50. Ke1 Qh5 51. Kd2 Qxh2 52. Bd4 Qh1 53.
Re6+ Kf7 54. Rf6+ Ke7 55. Rxf4 Qxg2+ 56. Kd3 h5 57. Re4+ Kd6 58. Rf4 h4 59. Rf2
Qd5 60. Rf6+ Ke7 61. Rh6 h3 62. Rh7+ Ke8 63. Rh8+ Kd7 64. Rh7+ Kc6 65. Rh6+ Kb5
66. Rb6+ Ka5 67. Rh6 g3 68. Kc3 h2 69. Bb6+ Kb5 70. Be3 h1=Q 71. Rxh1 Qxh1 72.
Kd4 g2 73. Ke5 Kc4 74. Kf4 g1=R 75. Bxg1 Qxg1 76. Kf5 Kd4 77. Kf6 Qg4 78. Ke7
Ke5 79. Kf7 Qh5+ 80. Kf8 Kf6 81. Kg8 Qf7+ 82. Kh8 Qg7# 0-1

[Event "?"]
[Site "ICS game, 164.58.253.13 (-)"]
[Date "1997.??.??"]
[Round "?"]
[White "Brause"]
[Black "roboElvis"]
[Result "1-0"]
[WhiteElo "2200"]
[BlackElo "2255"]
[PlyCount "54"]

1. e4 e5 2. Nf3 Nc6 3. Nc3 Nf6 4. Nxe5 Nxe5 5. d4 Nc6 6. d5 Ne5 7. f4 Ng6 8. e5
Ng8 9. d6 cxd6 10. exd6 Qf6 11. Nb5 Kd8 12. Be3 Qxb2 13. Bd4 Qb4+ 14. c3 Qb2
15. Rb1 Qxa2 16. g3 Qe6+ 17. Be2 Bxd6 18. f5 Qe4 19. O-O Bf4 20. fxg6 Be3+ 21.
Bxe3 Qxe3+ 22. Kg2 Qe4+ 23. Bf3 Qxg6 24. Nd6 Nf6 25. Qb3 Rf8 26. Bxb7 Rb8 27.
Nxc8 Re8 1-0

[Event "?"]
[Site "ICS game, 164.58.253.13 (-)"]
[Date "1997.??.??"]
[Round "?"]
[White "Brause"]
[Black "RedBaron"]
[Result "1/2-1/2"]
[WhiteElo "2280"]
[BlackElo "2245"]
[PlyCount "117"]

1. e4 e5 2. Nf3 Nc6 3. Nc3 Nf6 4. Nxe5 Nxe5 5. d4 Ng6 6. e5 Ng8 7. Bc4 Bb4 8.
Qf3 Qe7 9. O-O Bxc3 10. bxc3 Nh6 11. g3 d6 12. exd6 cxd6 13. Bb5+ Kd8 14. Bxh6
gxh6 15. Rfb1 f5 16. Re1 Qf6 17. Re2 Kc7 18. Rb1 a6 19. Bc4 Rb8 20. Bd5 Ne7 21.
Rbe1 Nxd5 22. Qxd5 Bd7 23. Qa5+ b6 24. Qxa6 Rb7 25. Re7 Kb8 26. Qc4 Rc8 27. Qb3
Bc6 28. R7e6 Qf8 29. d5 Bd7 30. R6e3 f4 31. Rf3 Qg7 32. Qb4 Rc5 33. Qxf4 Rxd5
34. Rd3 Rxd3 35. cxd3 Kc7 36. Qc4+ Bc6 37. Re6 Qg5 38. f4 Qc5+ 39. Qxc5 bxc5
40. Rxh6 Rb2 41. Rxh7+ Kd8 42. f5 Rd2 43. d4 cxd4 44. cxd4 Rxd4 45. f6 Bd5 46.
Ra7 Ke8 47. a4 Rd1+ 48. Kf2 Rd2+ 49. Ke3 Rxh2 50. g4 Kf8 51. g5 Rg2 52. Rg7 Ra2
53. g6 Rxa4 54. Rd7 Re4+ 55. Kd3 Re8 56. g7+ Kg8 57. Kd4 Bf7 58. Rxd6 Re6 59.
Rd8+ 1/2-1/2

[Event "?"]
[Site "ICS game, 164.58.253.13 (-)"]
[Date "1997.??.??"]
[Round "?"]
[White "Brause"]
[Black "RedBaron"]
[Result "1-0"]
[WhiteElo "2280"]
[BlackElo "2245"]
[PlyCount "39"]

1. e4 e5 2. Nf3 Nc6 3. Nc3 Nf6 4. Nxe5 Nxe5 5. d4 Ng6 6. e5 Ng8 7. Bc4 Bb4 8.
Qf3 Qe7 9. O-O Bxc3 10. bxc3 Nh6 11. g3 O-O 12. Bxh6 gxh6 13. h4 Kg7 14. h5 Nh8
15. Rfb1 d6 16. Ba6 c6 17. exd6 Qxd6 18. Bxb7 Bxb7 19. Qg4+ Ng6 20. Rxb7 1-0

[Event "?"]
[Site "ICS game, 164.58.253.13 (-)"]
[Date "1997.??.??"]
[Round "?"]
[White "Brause"]
[Black "BoneFish"]
[Result "0-1"]
[WhiteElo "2320"]
[BlackElo "2285"]
[PlyCount "123"]

1. e4 e5 2. Nf3 Nc6 3. Nc3 Nf6 4. Nxe5 Nxe5 5. d4 Ng6 6. e5 Ng8 7. Bc4 d6 8.
Qf3 f6 9. e6 c6 10. Qh3 f5 11. Qxf5 Qf6 12. Qe4 d5 13. Nxd5 cxd5 14. Qxd5 Nf4
15. Bxf4 Qxf4 16. O-O Nf6 17. Qb5+ Kd8 18. Rae1 Be7 19. c3 a6 20. Qa4 Rb8 21.
Re5 Bd6 22. g3 Qf3 23. Re3 Qc6 24. Qa5+ b6 25. Qg5 Qc7 26. b3 b5 27. Be2 Bb7
28. c4 Qe7 29. Qf5 g6 30. Qd3 Rf8 31. Rd1 Qc7 32. c5 Be7 33. Re5 Qc6 34. d5
Qxc5 35. Bf3 Ng4 36. Bxg4 Qxf2+ 37. Kh1 Qxa2 38. Re2 Qa5 39. Kg2 Rc8 40. Re3
Qc7 41. Qe2 Qc2 42. Rd2 Qc5 43. Red3 Ke8 44. Bf3 a5 45. Ra2 Rf5 46. Qd2 Bg5 47.
Qd1 Rd8 48. Rc2 Qd6 49. h4 Bh6 50. Rf2 Bxd5 51. Rxd5 Rxd5 52. Qxd5 Qxd5 53.
Bxd5 Rxd5 54. Rf7 Rd2+ 55. Kh3 Rd3 56. Kg2 Rxb3 57. Rxh7 Bf8 58. Rb7 a4 59. Rd7
a3 60. Ra7 Bd6 61. Ra6 Rxg3+ 62. Kf1 0-1

[Event "?"]
[Site "ICS game, 164.58.253.13 (-)"]
[Date "1997.??.??"]
[Round "?"]
[White "Brause"]
[Black "oldtimer"]
[Result "0-1"]
[WhiteElo "2295"]
[BlackElo "2155"]
[PlyCount "167"]

1. e4 e5 2. Nf3 Nc6 3. Nc3 Nf6 4. Nxe5 Nxe5 5. d4 Ng6 6. e5 Ng8 7. Bc4 d5 8.
Bxd5 c6 9. Be4 f5 10. Bf3 Bb4 11. O-O N8e7 12. Na4 O-O 13. c3 Ba5 14. b4 Bb6
15. Qb3+ Kh8 16. Nxb6 axb6 17. Re1 b5 18. Bg5 h6 19. Bd2 Nd5 20. a4 bxa4 21.
Rxa4 Rxa4 22. Qxa4 b5 23. Qd1 Be6 24. g3 Qd7 25. Qc2 Ra8 26. Be2 Nb6 27. Be3
Ra2 28. Qb1 Qa7 29. Bh5 Ne7 30. Bc1 Ra1 31. Qd3 Qa2 32. Bf3 Bd5 33. Bxd5 Nbxd5
34. Bd2 Rxe1+ 35. Bxe1 Qa1 36. Kf1 Qa2 37. Kg1 Nb6 38. h4 Qd5 39. Qd1 Kg8 40.
Qh5 Qf7 41. Qf3 Ned5 42. Bd2 Nc4 43. Be1 h5 44. Kf1 Qg6 45. Qd3 Qg4 46. Qe2
Qxe2+ 47. Kxe2 Kf7 48. Kd3 Ke6 49. Ke2 Nc7 50. Kf3 Nd5 51. Ke2 g6 52. f3 Nc7
53. Kd3 Kd5 54. Bf2 Ne6 55. Kc2 f4 56. Kd3 fxg3 57. Bxg3 Nb6 58. Bh2 Nc8 59.
Bg3 Ne7 60. Kc2 Nf5 61. Be1 Nf4 62. Bd2 Ng2 63. Kd3 Ngxh4 64. Ke2 Ng7 65. Be1
Nhf5 66. Kd3 Ne6 67. Bf2 h4 68. Bg1 Nf4+ 69. Kd2 Kc4 70. Bh2 Ne6 71. f4 Ne7 72.
Bg1 Nd5 73. Bf2 Nexf4 74. Bxh4 Ne6 75. Bf6 g5 76. Kc2 g4 77. Kd2 Nxc3 78. Ke3
Kxb4 79. Bh4 Kc4 80. d5 Kxd5 81. Bg3 Ne4 82. Be1 c5 83. Ke2 Kxe5 84. Bh4 0-1

[Event "?"]
[Site "ICS game, 164.58.253.13 (-)"]
[Date "1997.??.??"]
[Round "?"]
[White "Brause"]
[Black "oldtimer"]
[Result "1-0"]
[WhiteElo "2255"]
[BlackElo "2185"]
[PlyCount "105"]

1. e4 e5 2. Nf3 Nc6 3. Nc3 Nf6 4. Nxe5 Nxe5 5. d4 Ng6 6. e5 Ng8 7. Bc4 d5 8.
Bxd5 c6 9. Be4 f5 10. Bf3 Bb4 11. O-O N8e7 12. Na4 O-O 13. c3 Ba5 14. b4 Bb6
15. Qb3+ Kh8 16. Nxb6 axb6 17. Re1 b5 18. Bg5 h6 19. Bd2 Nd5 20. a4 bxa4 21.
Rxa4 Rxa4 22. Qxa4 b5 23. Qd1 Be6 24. g3 Qd7 25. Qc2 Nb6 26. Bh5 Ne7 27. Qd3
Bc4 28. Qc2 Qe6 29. Ra1 Na4 30. Qd1 Nd5 31. Rc1 Kh7 32. Qc2 g6 33. Bf3 Nab6 34.
Ra1 Ra8 35. Ra5 Qe7 36. Qc1 Rxa5 37. bxa5 Na4 38. Qe1 Qe6 39. a6 Nab6 40. a7
Qe7 41. Qa1 Qb7 42. Qa5 Kg7 43. Bxd5 Bxd5 44. Qxb6 Qxb6 45. a8=Q Qc7 46. Qa3
Qd7 47. h4 f4 48. Bxf4 Qh3 49. f3 Bxf3 50. Qe7+ Kg8 51. Qe8+ Kh7 52. Qf7+ Kh8
53. Qf8+ 1-0

[Event "?"]
[Site "ICS game, 164.58.253.13 (-)"]
[Date "1997.??.??"]
[Round "?"]
[White "Brause"]
[Black "oldtimer"]
[Result "0-1"]
[WhiteElo "2325"]
[BlackElo "2210"]
[PlyCount "228"]

1. e4 e5 2. Nf3 Nc6 3. Nc3 Nf6 4. Nxe5 Nxe5 5. d4 Ng6 6. e5 Ng8 7. Bc4 d5 8.
Bxd5 c6 9. Be4 f5 10. Bf3 Bb4 11. O-O N8e7 12. Na4 O-O 13. c3 Ba5 14. b4 Bb6
15. Qb3+ Kh8 16. Nxb6 axb6 17. Rd1 b5 18. Bg5 h6 19. Bd2 Nd5 20. a4 bxa4 21.
Rxa4 Rxa4 22. Qxa4 b5 23. Qc2 Be6 24. g3 Qd7 25. Ra1 Qb7 26. Bg2 Ra8 27. Rc1
Nge7 28. Re1 Nb6 29. Bc1 Qd7 30. Be3 Bc4 31. Qd1 Qe8 32. Qc1 Qg6 33. Qb1 Nbd5
34. Bd2 Qh5 35. h3 Ra2 36. Qc1 Bd3 37. Be3 Rc2 38. Qa1 Qe8 39. Rc1 Rxc1+ 40.
Bxc1 Bc4 41. Bd2 Qd8 42. Qd1 Qe8 43. Qa1 Qd7 44. Qa8+ Qc8 45. Qa7 Qc7 46. Qa8+
Nc8 47. Qa1 Qa7 48. Qd1 Qa2 49. Qc1 Kh7 50. Qd1 Nce7 51. Kh2 Bd3 52. Kg1 Qb1
53. Qxb1 Bxb1 54. Bf1 Ba2 55. Bd3 Kg8 56. h4 Nb6 57. Kf1 Bc4 58. Ke2 Kf7 59.
Be1 Ke6 60. Bxc4+ Nxc4 61. h5 Nb2 62. f3 Kd5 63. Kd2 Nc4+ 64. Kc2 g6 65. hxg6
Nxg6 66. Kd3 h5 67. f4 h4 68. gxh4 Nxf4+ 69. Kc2 Nh5 70. Kd3 Ke6 71. Ke2 Nb6
72. Kd3 Kd5 73. Bf2 Nd7 74. Be3 Nf8 75. Bg5 Ne6 76. Bd2 f4 77. Be1 Nf8 78. Ke2
Ke4 79. Kf2 Ne6 80. Ke2 Neg7 81. Kd2 Nf5 82. Kd1 Nhg3 83. e6 Nh5 84. Bf2 Nhg7
85. e7 Nxe7 86. Kd2 Nh5 87. Bg1 Nf5 88. Bf2 Nhg3 89. Kc2 Ne3+ 90. Kd2 Nc4+ 91.
Kd1 Kf3 92. Be1 Ke3 93. h5 Nxh5 94. Bh4 Ng3 95. Kc2 Ne4 96. Kb3 f3 97. d5 cxd5
98. Be1 Ke2 99. Bh4 Kd2 100. Ka2 Kc2 101. Ka1 Nxc3 102. Bg5 f2 103. Bc1 Ne2
104. Ka2 f1=N 105. Bg5 d4 106. Bh6 d3 107. Bf4 d2 108. Ka1 d1=N 109. Bh6 Nfe3
110. Bxe3 Ndxe3 111. Ka2 Nf1 112. Ka1 Nfd2 113. Ka2 Nc3+ 114. Ka1 Nb3# 0-1

[Event "?"]
[Site "ICS game, 164.58.253.13 (-)"]
[Date "1997.??.??"]
[Round "?"]
[White "Brause"]
[Black "oldtimer"]
[Result "0-1"]
[WhiteElo "2310"]
[BlackElo "2220"]
[PlyCount "152"]

1. e4 e5 2. Nf3 Nc6 3. Nc3 Nf6 4. Nxe5 Nxe5 5. d4 Ng6 6. e5 Ng8 7. Bc4 d5 8.
Bxd5 c6 9. Be4 f5 10. Bf3 Bb4 11. O-O N8e7 12. Na4 O-O 13. c3 Ba5 14. b4 Bb6
15. Qb3+ Kh8 16. Nxb6 axb6 17. Rd1 b5 18. Bg5 h6 19. Bd2 Nd5 20. Qc2 Be6 21. g3
Nb6 22. Bh5 Ne7 23. Bf3 Qe8 24. Bg2 Qf7 25. Be3 Ra6 26. Re1 Rfa8 27. Qb1 Bd5
28. Re2 Bxg2 29. Kxg2 Qc4 30. Rc2 Qd3 31. Bc1 Nc4 32. Qb3 Nd5 33. h3 Qe4+ 34.
Kh2 Qf3 35. a3 Nc7 36. Rca2 Ra4 37. Rc2 Rf8 38. Qa2 Nd5 39. Bb2 h5 40. Qb1 f4
41. Qe1 fxg3+ 42. fxg3 Nce3 43. Re2 Nf1+ 44. Kg1 Nxg3 45. Rg2 h4 46. Qf2 Qxf2+
47. Rxf2 Rxf2 48. Kxf2 Ra8 49. Bc1 Rf8+ 50. Ke1 Rf1+ 51. Kd2 Nb6 52. Kc2 Rf2+
53. Kb3 Na4 54. d5 cxd5 55. e6 Nf5 56. Rb1 Kg8 57. e7 Nxe7 58. Be3 Re2 59. Bc5
Nf5 60. Bg1 g5 61. Ba7 Ng7 62. Bb8 Nf5 63. Ba7 Kh7 64. Bc5 Ng7 65. Bd4 Ne6 66.
Bf6 Kg6 67. Be7 Nf4 68. Bc5 Nxh3 69. Ba7 Nf4 70. Bd4 g4 71. Bc5 g3 72. Ba7 h3
73. Bd4 h2 74. Bc5 h1=R 75. Bg1 Rxg1 76. Rxg1 Rb2# 0-1

[Event "?"]
[Site "ICS game, 164.58.253.13 (-)"]
[Date "1997.??.??"]
[Round "?"]
[White "Brause"]
[Black "oldtimer"]
[Result "0-1"]
[WhiteElo "2300"]
[BlackElo "2230"]
[PlyCount "160"]

1. e4 e5 2. Nf3 Nc6 3. Nc3 Nf6 4. Nxe5 Nxe5 5. d4 Ng6 6. e5 Ng8 7. Bc4 d5 8.
Bxd5 c6 9. Be4 f5 10. Bf3 Bb4 11. O-O N8e7 12. Ne2 O-O 13. c3 Ba5 14. b4 Bc7
15. Qb3+ Kh8 16. g3 a6 17. Bg2 Qe8 18. Re1 Qf7 19. Qc2 Be6 20. Bg5 Bc4 21. Nf4
Nxf4 22. Bxf4 Qe6 23. Bg5 Nd5 24. a4 h6 25. Bd2 b5 26. Qd1 Kh7 27. axb5 axb5
28. Qh5 Qg6 29. Qd1 h5 30. Qc2 Qe6 31. Qd1 g6 32. Qf3 Rfc8 33. Red1 Bd8 34. Re1
Ra4 35. Rxa4 bxa4 36. Ra1 Ra8 37. h4 Be7 38. Ra3 Bf8 39. Qd1 Bb3 40. Qe2 Bg7
41. b5 cxb5 42. Qxb5 Rd8 43. Qe2 Nb6 44. Bg5 Rd7 45. Qe1 Nc4 46. Ra1 Nb6 47.
Ra3 Bf8 48. Ra1 a3 49. Bc1 a2 50. Bf4 Ra7 51. Bf1 Bd5 52. Bg5 Nc4 53. Qe2 Qa6
54. Bf6 Bh6 55. Qc2 Qa4 56. Qxa4 Rxa4 57. Bxc4 Bxc4 58. Bg5 Ra7 59. Bxh6 Kxh6
60. Kg2 Bd5+ 61. Kf1 Rb7 62. Ke2 Rb1 63. Rxa2 Bxa2 64. Ke3 Bd5 65. Kd3 Rb2 66.
Ke3 Rc2 67. Kd3 Ra2 68. Ke3 g5 69. Kd3 Ra4 70. Ke3 Bc4 71. Kf3 Ra3 72. Kg2 g4
73. Kh2 Bd5 74. f3 Ra2+ 75. Kg1 gxf3 76. g4 fxg4 77. Kf1 f2 78. c4 Be4 79. d5
g3 80. e6 g2# 0-1

[Event "?"]
[Site "ICS game, 164.58.253.13 (-)"]
[Date "1997.??.??"]
[Round "?"]
[White "Brause"]
[Black "oldtimer"]
[Result "0-1"]
[WhiteElo "2295"]
[BlackElo "2240"]
[PlyCount "188"]

1. e4 e5 2. Nf3 Nc6 3. Nc3 Nf6 4. Nxe5 Nxe5 5. d4 Ng6 6. e5 Ng8 7. Bc4 d5 8.
Bxd5 c6 9. Be4 f5 10. Bf3 Bb4 11. O-O N8e7 12. Na4 O-O 13. c3 Ba5 14. b4 Bb6
15. Qb3+ Kh8 16. Nxb6 axb6 17. Rd1 b5 18. Bg5 h6 19. Bd2 Nd5 20. a4 bxa4 21.
Rxa4 Rxa4 22. Qxa4 b5 23. Qa8 Nge7 24. Qa1 Be6 25. Qc1 Kh7 26. g3 Nb6 27. Qc2
Qa8 28. Bg2 Qa3 29. Re1 Qa2 30. Qd1 Bd5 31. f3 Bb3 32. Qc1 Ra8 33. Bf1 Qc2 34.
Qxc2 Bxc2 35. Kg2 Ra2 36. Re2 Bd3 37. Rf2 Bxf1+ 38. Kxf1 Nc4 39. Be1 Rxf2+ 40.
Kxf2 Kg6 41. Ke2 Kf7 42. Kd3 Ke6 43. Ke2 Nd5 44. Kd3 g5 45. Ke2 g4 46. fxg4
fxg4 47. Kd3 Kf5 48. Bf2 Nc7 49. Ke2 Ke4 50. Be1 Ne6 51. Bf2 Ng5 52. Be1 Nf3
53. Bf2 Nxh2 54. e6 Nd6 55. e7 Nf3 56. Be3 h5 57. Bf4 Ne8 58. Bh6 h4 59. gxh4
Nxh4 60. Kf2 Nf5 61. Bd2 Kd3 62. Be1 Nf6 63. e8=Q Nxe8 64. Kg2 Nf6 65. Kf2 Ne4+
66. Kf1 g3 67. Kg1 Ne3 68. d5 cxd5 69. Bxg3 Nxg3 70. Kf2 Ne4+ 71. Kf3 Nxc3 72.
Kf4 Kd4 73. Kf3 Ne4 74. Ke2 Ng5 75. Kd2 Nf5 76. Kc2 Ke3 77. Kc1 Ke2 78. Kb2 Kd2
79. Kb3 Ne4 80. Kb2 Nf2 81. Kb3 Nd3 82. Ka2 Nd4 83. Kb1 Nxb4 84. Kb2 Nbc2 85.
Kb1 b4 86. Kb2 Ne3 87. Kb1 Kc3 88. Kc1 Ne2+ 89. Kb1 Kb3 90. Ka1 Ka3 91. Kb1 b3
92. Ka1 Nd1 93. Kb1 Ndc3+ 94. Ka1 b2# 0-1

[Event "?"]
[Site "ICS game, 164.58.253.13 (-)"]
[Date "1997.??.??"]
[Round "?"]
[White "Brause"]
[Black "oldtimer"]
[Result "0-1"]
[WhiteElo "2295"]
[BlackElo "2250"]
[PlyCount "222"]

1. e4 e5 2. Nf3 Nc6 3. Nc3 Nf6 4. Nxe5 Nxe5 5. d4 Ng6 6. e5 Ng8 7. Bc4 d5 8.
Bxd5 c6 9. Be4 f5 10. Bf3 Bb4 11. O-O N8e7 12. Na4 O-O 13. c3 Ba5 14. b4 Bb6
15. Qb3+ Kh8 16. Nxb6 axb6 17. Rd1 b5 18. Bg5 h6 19. Bd2 Nd5 20. Qc2 Be6 21. g3
Nb6 22. Re1 Qd7 23. Bh5 Ne7 24. Bf4 Ra6 25. Bc1 Rfa8 26. a3 Nc4 27. Bf3 Nxa3
28. Qd3 Nc4 29. Rxa6 Rxa6 30. Bg2 Qe8 31. Qc2 Nb6 32. Qb1 Qf7 33. Bd2 Ra8 34.
Qd3 Bc4 35. Qc2 Qe6 36. Qd1 Ra2 37. Be3 Qg6 38. Qc1 Nbd5 39. Bd2 Kh7 40. Bf3
Qe8 41. Kg2 Qa8 42. Bxd5 Bxd5+ 43. Kf1 Qa4 44. Bf4 Qc2 45. Qxc2 Rxc2 46. e6 Kg8
47. Bd6 Kf8 48. Re3 Ke8 49. Ke1 Ra2 50. h4 h5 51. Be5 g6 52. Bc7 Bc4 53. Re5
Rc2 54. Bd6 Rxc3 55. Bc5 Rc2 56. Bd6 b6 57. Bc7 Nd5 58. Bd6 Nc3 59. f3 Re2+ 60.
Rxe2 Nxe2 61. Be5 Ke7 62. Bc7 Nxd4 63. Kf2 Nxe6 64. Bxb6 Kd6 65. Be3 Kd5 66.
Bd2 Bb3 67. Ke2 Nd4+ 68. Kd3 Nxf3 69. Bh6 Nd4 70. Bd2 Ne6 71. Kc3 Bc4 72. Kc2
Kd4 73. Bc3+ Ke3 74. Be5 Nd4+ 75. Kb2 Ne2 76. Kc2 Bd3+ 77. Kd1 Be4 78. Ke1 Kf3
79. Kd2 Nxg3 80. Bh8 Ne2 81. Be5 Bd5 82. Bd6 Nd4 83. Kd3 Ne6 84. Be7 Bc4+ 85.
Kc3 f4 86. Kd2 Kf2 87. Bd6 f3 88. Bb8 Kg2 89. Ba7 f2 90. Bxf2 Kxf2 91. Kc3 Ke3
92. Kc2 Be2 93. Kb2 Kd2 94. Ka1 Kc2 95. Ka2 Nf4 96. Ka1 Nd5 97. Ka2 Nxb4+ 98.
Ka3 Nd5 99. Ka2 b4 100. Ka1 Bd1 101. Ka2 Kc3 102. Kb1 Nf4 103. Kc1 Ba4 104. Kb1
Ne2 105. Ka2 Bb5 106. Kb1 Kb3 107. Ka1 Ka3 108. Kb1 b3 109. Ka1 Bc4 110. Kb1
Bd3+ 111. Ka1 b2# 0-1

[Event "?"]
[Site "ICS game, 164.58.253.13 (-)"]
[Date "1997.??.??"]
[Round "?"]
[White "Brause"]
[Black "oldtimer"]
[Result "0-1"]
[WhiteElo "2285"]
[BlackElo "2260"]
[PlyCount "162"]

1. e4 e5 2. Nf3 Nc6 3. Nc3 Nf6 4. Nxe5 Nxe5 5. d4 Ng6 6. e5 Ng8 7. Bc4 d5 8.
Bxd5 c6 9. Be4 f5 10. Bf3 Bb4 11. O-O N8e7 12. Na4 O-O 13. c3 Ba5 14. b4 Bb6
15. Nxb6 axb6 16. Bg5 Be6 17. a4 Bc4 18. Re1 h6 19. Be3 f4 20. Bd2 Bd5 21. Bg4
Nh4 22. f3 Qe8 23. Qe2 Qg6 24. c4 h5 25. Bxh5 Qxh5 26. cxd5 Nxd5 27. Qf2 Rae8
28. Re4 Re6 29. Kh1 g5 30. Kg1 Kg7 31. a5 b5 32. a6 bxa6 33. Rxa6 Rh8 34. Ra7+
Kg6 35. h3 Nf5 36. Rd7 Qh4 37. Qxh4 Rxh4 38. Rd8 Kg7 39. Kf2 Rh8 40. Rd7+ Re7
41. Rxe7+ Ndxe7 42. Kg1 Rd8 43. Bc3 Nd5 44. Bd2 Nc7 45. e6 Rd5 46. e7 Kf7 47.
h4 Nxh4 48. Bxf4 Nxf3+ 49. Kf2 gxf4 50. Kxf3 Rd7 51. e8=Q+ Nxe8 52. Rxf4+ Nf6
53. g4 Kg7 54. g5 Nd5 55. Rg4 Nxb4 56. Ke4 Nc2 57. Kd3 Rxd4+ 58. Rxd4 Nxd4 59.
Ke4 c5 60. Ke3 Ne6 61. g6 c4 62. Ke2 b4 63. Ke3 Kxg6 64. Ke2 Kf5 65. Kd2 Kf4
66. Kc2 Ke3 67. Kc1 Ke2 68. Kb1 Kd2 69. Ka2 Nd4 70. Ka1 Kc3 71. Kb1 Ne2 72. Ka2
Kc2 73. Ka1 Kb3 74. Kb1 c3 75. Ka1 Ka3 76. Kb1 b3 77. Ka1 Kb4 78. Kb1 Ka4 79.
Ka1 Ka3 80. Kb1 c2+ 81. Ka1 b2# 0-1

[Event "?"]
[Site "ICS game, 192.231.221.16 (-)"]
[Date "1997.??.??"]
[Round "?"]
[White "Brause"]
[Black "Horatius"]
[Result "0-1"]
[WhiteElo "2310"]
[BlackElo "2345"]
[PlyCount "89"]

1. e4 e5 2. Nf3 Nc6 3. Nc3 Nf6 4. Nxe5 Nxe5 5. d4 Ng6 6. e5 Ng8 7. Bc4 d6 8.
Qf3 Qd7 9. O-O Qf5 10. Qxf5 Bxf5 11. Nb5 Kd8 12. Bxf7 a6 13. Nc3 dxe5 14. Re1
Bb4 15. Bg5+ N8e7 16. Bxg6 Bxg6 17. Nd5 Bxe1 18. Rxe1 Kd7 19. Nxe7 exd4 20.
Nxg6 hxg6 21. Re7+ Kc6 22. Bf4 Rhe8 23. Rxc7+ Kb6 24. f3 Rac8 25. Rxc8 Rxc8 26.
Be5 Kc5 27. c3 d3 28. Kf2 Re8 29. Bd4+ Kc4 30. b3+ Kd5 31. Be3 b5 32. h3 a5 33.
h4 a4 34. g3 Re6 35. g4 Re7 36. g5 Re6 37. f4 Ke4 38. Bd2 Re8 39. bxa4 bxa4 40.
f5 Kxf5 41. Be3 Ke4 42. Bc1 Rb8 43. Ke1 Rb1 44. Kd2 Ra1 45. a3 0-1

[Event "?"]
[Site "ICS game, 192.231.221.16 (-)"]
[Date "1997.??.??"]
[Round "?"]
[White "Brause"]
[Black "Tim"]
[Result "1-0"]
[WhiteElo "2665"]
[BlackElo "2245"]
[PlyCount "103"]

1. e4 e5 2. Nf3 Nc6 3. Nc3 Nf6 4. Nxe5 Nxe5 5. d4 Bb4 6. dxe5 Nxe4 7. Qg4 d5 8.
Qxg7 Rf8 9. Qxh7 Nxc3 10. a3 Ba5 11. Bd2 d4 12. f4 Be6 13. bxc3 dxc3 14. Be3
Qe7 15. Qd3 c6 16. Qd6 Qxd6 17. exd6 O-O-O 18. O-O-O Bb6 19. Bxb6 axb6 20. Rd3
Bf5 21. Rxc3 Rxd6 22. Bd3 Bxd3 23. Rxd3 Rxd3 24. cxd3 f5 25. Re1 Kd7 26. g3 Rh8
27. Re2 Kd6 28. Kb2 b5 29. Kb3 c5 30. Re5 Rxh2 31. d4 cxd4 32. Rxf5 d3 33. Rxb5
Kc6 34. Kc4 d2 35. Rc5+ Kd6 36. Rd5+ Ke6 37. a4 Rg2 38. a5 Rxg3 39. Rxd2 Rg4
40. Rd4 Rg1 41. Kb5 Rg7 42. Ra4 Kd6 43. Kc4 Kc6 44. Kd4 Re7 45. f5 Kd6 46. Rb4
Rf7 47. Rb6+ Kc7 48. f6 Rh7 49. Ke5 Rh1 50. f7 Re1+ 51. Kf6 Rf1+ 52. Kg7 1-0

[Event "?"]
[Site "ICS game, 192.231.221.16 (-)"]
[Date "1997.??.??"]
[Round "?"]
[White "Brause"]
[Black "oldtimer"]
[Result "1-0"]
[WhiteElo "2575"]
[BlackElo "2810"]
[PlyCount "79"]

1. e4 e5 2. Nf3 Nc6 3. Nc3 Nf6 4. Nxe5 Nxe5 5. d4 Ng6 6. e5 Ng8 7. Bc4 d5 8.
Bxd5 c6 9. Be4 f5 10. exf6 Nxf6 11. Bg5 Bb4 12. Qd3 Bxc3+ 13. bxc3 Kf7 14. O-O
Qd6 15. Bf3 Be6 16. c4 Rad8 17. Rfd1 Rhe8 18. d5 Bd7 19. Qb3 Qc7 20. d6 Qb6 21.
Qa3 Qa6 22. Qxa6 bxa6 23. Re1 Rxe1+ 24. Rxe1 Rb8 25. Bc1 Rb1 26. Kf1 Ne8 27. c5
Nf6 28. Be2 Ne4 29. Be3 Rxe1+ 30. Kxe1 a5 31. Bc4+ Ke8 32. f3 Nf6 33. Bd2 a4
34. Bg5 Nf8 35. Bxf6 gxf6 36. Kd2 Ne6 37. Bxe6 Bxe6 38. a3 Kf7 39. Ke3 Bd7 40.
Ke4 1-0